00485nam a22001577a 450000500170000001000150001702000260003203500130005803700130007108200110008410000210009524500450011626000550016127000790021630000320029520130819123555.0 aENG-107848 a9789380831787c298.00 aEN-91381 bDBAD/PUB a954.35 aRao, P. Nageswar aHistory of Andhra /cby P. Nageswar Rao  aHyderabadbStudentshelpline Publishing Housec2012 a326/C, Surneni Nilayam, near B K Guda Park, S.R. Nagar,bHyderabade500038 avarious pagings c22cm(pbk)